00462nam a2200145Ia 4500100003500000942000700035654002100042245003100063260003900094082001400133300000800147546001200155999001700167952013200184 aSilberschatz/ A/ Galvin/ P.B.  cBK aOperating System aOperating Systems Concepts bAddison Wesley PubaNew Yorkc1994 a5.43bPAN a896 aENGLISH c27691d27691 001040708CRCaCRCEbCRCEc1514 | 38d2023-03-17eglobal booksg861.54l0o5.43 PANp5769r2023-03-17v861.54w2023-03-17yBK